000 00662nam a2200205 i 4500
001 185716
003 ES-MaACL
005 20230906222513.0
008 160804s1872 ger |||| | eng d
100 1 _aPayn, James.
_9130917
245 1 2 _aA woman's vengeance :
_ba novel /
_cby the author of "Found dead".
260 _aLeipzig :
_bBernhard Tauchnitz,
_c[1872]
300 _a1 v. ;
_c16 cm.
490 1 _aCollection of British Authors ;
_v1266-7
594 _aEl encabezamiento tomado del Brit. Mus. Cat.
597 _a2 t. en 1 vol.
830 0 _aCollection of British Authors ;
_v1266-7
_9180703
852 _aES-MaACL
_jG-12829
999 _c185716
_d185716